A theory of justice

Gespeichert in:
Bibliographische Detailangaben
1. Verfasser: Rawls, John (VerfasserIn)
Format: Buch
Sprache:Englisch
Veröffentlicht: Cambridge The Belknap Press 1999
Ausgabe:2a. ed
Schlagworte:
Tags: Tag hinzufügen
Keine Tags, Fügen Sie den ersten Tag hinzu!

MARC

LEADER 00000nam a2200000 a 4500
001 UCG3077
003 CL-VaPUC
008 100812e19990000US |||||||||||||||||eng|d
020 |a 0674000773 
082 0 4 |a 340.11  |b RAW  |2 21 
100 0 |a Rawls, John  |e author  |9 256003 
245 1 2 |a A theory of justice 
250 |a 2a. ed 
300 |a 538 p 
942 |c BK 
945 |d 20100812 00:00:00  |a cmena 
260 |a Cambridge  |b The Belknap Press  |c 1999 
650 0 |a Filosofía del derecho   |9 255050 
650 7 |a FILOSOFIA POLITICA  |2 CL-VaPUC  |9 551902 
650 0 |a Justicia   |9 255408 
650 0 |a Derechos humanos  |9 223025 
650 0 |a Ética  |9 255099 
650 0 |a Conceptos morales   |9 310606 
583 |a last modification  |c 20120329 03:34:26  |k Rodrigo Vera 
999 |c 342175  |d 342173 
952 |0 0  |1 0  |4 0  |6 340_110000000000000_RAW_1999  |7 0  |8 A  |9 438206  |a BIBDER  |b BIBDER  |d 2019-11-22  |i 4707745  |l 2  |m 1  |o 340.11 RAW 1999  |p 4707745  |r 2023-01-25  |s 2022-12-09  |w 2019-11-22  |y BK  |k DER